Liedtext erkennen #14 - Statistiken

Allgemein
  • Dieses Quiz wurde 164 mal gespielt
  • Das Durchschnittsergebnis liegt bei 183 aus 391
Antwortstatistiken
Antwort % Korrekt
ich
96%
ich
96%
Ich
96%
da
87%
du
87%
er
79%
Die
78%
die
78%
der
76%
das
75%
es
73%
ist
72%
den
67%
und
67%
bin
65%
wer
59%
ein
58%
(ein
58%
was
56%
was
56%
Was
56%
liebe
54%
Liebe
54%
mich
54%
mich)
54%
kann
50%
an
48%
mir
48%
am
47%
will
47%
mein
46%
nur
46%
Nur
46%
bis
45%
denn
44%
hab
44%
Ganz
39%
man
39%
auf
38%
in
38%
Welt
38%
hat
37%
im
37%
Mensch
37%
um
37%
(um
37%
bist
36%
ja
36%
aber
35%
sich
35%
ganze
33%
habe
33%
nen
33%
nächsten
31%
dreht
30%
1998 Jahr
29%
nein
29%
bei
28%
Ego
28%
mit
28%
alles
27%
dem
27%
Egoist
27%
Egoist)
27%
Tag
26%
meinen
22%
von
22%
Falco Interpret
21%
geb
19%
schon
19%
eines
17%
macht
16%
oben
16%
stehe
16%
wollen
16%
lieben
15%
liebsten
15%
meinem
15%
über
15%
mal
13%
musst
11%
neu
11%
niemals
11%
ganzen
10%
gebe
10%
glaubt
10%
gibt
9%
Liste
9%
Sinn
9%
Sterne
8%
Bett
7%
bisschen
7%
brauche
7%
damit
7%
fange
7%
Glück
7%
Namen
7%
Schlaf
7%
gleich
6%
kommt
6%
kriege
6%
pur
6%
Spiegel
6%
verliebt
6%
angebracht
5%
halt
5%
Kur
5%
niemanden
5%
obwohl
5%
selbst
5%
verzeihn
5%
Augen
4%
bewacht
4%
durchaus
4%
eigenes
4%
hell
4%
jedem
4%
kritisch
4%
meistens
4%
redt
4%
schreiben
4%
Spiegelbild
4%
still
4%
überaus
4%
Weltbild
4%
dran
3%
länger
3%
(sure)
3%
Tages
3%
brennt
2%
Erkenne
2%
Firmament
2%
spezielle
2%
täglich
2%
euren
1%
Keine übereinstimmenden Quizze gefunden
Verteilung der Resultate
Anzahl Personen mit jedem Resultat
Perzentil nach korrekt beantworteten Fragen
Ihre Resultats-Entwicklung
Sie haben dieses Quiz noch nicht gespielt